[Event "66th HUN-ch Women 2018"]
[Site "Budapest"]
[Date "2018.12.11"]
[Round "9"]
[White "Erdos, Boglarka"]
[Black "Gal, Hanna Krisztina"]
[Result "0-1"]
[WhiteElo "2137"]
[BlackElo "2189"]
[Annotator "TA"]
[PlyCount "94"]
[EventDate "2018.12.03"]
[EventType "tourn"]
[EventCountry "HUN"]
[SourceTitle "playchess.com"]
[Source "ChessBase"]
[SourceQuality "1"]

{[%evp 28,94,25,25,18,50,52,47,52,29,34,41,51,56,82,69,71,61,56,47,36,32,32,0,0,0,0,-75,-51,-62,0,0,0,0,0,0,35,31,121,113,124,110,138,126,136,135,122,120,128,43,48,55,71,58,76,17,26,10,75,0,0,-500,-488,-739,-717,-29979,-29980,-29975,-29974]} 1. Nf3 Nf6 2. g3 g6 3. Bg2 Bg7 4. d4 d6 5. c4 O-O 6. Nc3 Nbd7 7. O-O e5 8. e4 c6 9. h3 Qb6 10. Re1 exd4 11. Nxd4 Re8 12. Re2 Qb4 13. Rc2 {E69: King's Indian: Fianchetto: 6...Nbd7 7 0-0 e5 8 e4 c6 9 h3} Nc5 14. Bd2 Qb6 15. Be3 {LiveBook: 36 Games. White has an edge.} Qd8 {[%cal Rf6e4]} (15... Qc7 16. f3 a5 17. b3 Nfd7 18. Bf2 Ne5 19. Rd2 Qe7 20. f4 Ned7 {½-½ (51) Gagare,S (2494)-Gledura,B (2612) Caleta 2018}) 16. f3 $1 Qe7 17. Bf2 a5 $146 ({Predecessor:} 17... Bd7 18. Rd2 Rad8 19. Qc2 {1-0 (36) Markmann,U-Kunas,H Detmold 1982}) 18. Re2 a4 19. Qc2 Nfd7 20. Rd1 Ne5 21. b3 $1 axb3 22. axb3 Na6 23. f4 Nb4 24. Qb1 Nd7 25. Red2 Nc5 26. Nde2 f5 {[%cal Rc5e4]} 27. Bd4 (27. Rxd6 Nxe4 28. Bxe4 fxe4 $17) (27. Bxc5 $1 $11 dxc5 28. e5) 27... Bxd4+ 28. Rxd4 Ra3 (28... Be6 $15) 29. Nc1 $11 fxe4 {aiming for ...Qg7.} 30. Qb2 Ra8 31. Nxe4 $1 Nxe4 (31... Bxh3 $5 32. Nxd6 Bg4 33. Nxe8 Bxd1 34. Rxd1 Rxe8 $11) 32. Rxe4 Qf7 (32... Be6 $14) 33. Rxe8+ $16 ({Much weaker is} 33. Rxd6 $6 Rxe4 34. Bxe4 Bxh3 $11) 33... Qxe8 34. Qd2 c5 35. Re1 Qf8 36. Nd3 Nc6 37. Bd5+ Kh8 38. Qc3+ (38. Qb2+ $1 $16 Nd4 39. b4) 38... Nd4 $14 39. b4 Bxh3 40. bxc5 $1 ({But not} 40. Bxb7 $2 Qg7 $19) 40... dxc5 41. Ne5 ({Don't play} 41. Bxb7 Rb8 $11) ({White should play} 41. Qb2 $16) 41... Qf6 $11 42. Qb2 Bc8 {[#]} (42... Ra7 $11) 43. Nf7+ ({White should try} 43. Nd3 $1 $16 {Re8+ would kill now.} Qf8 44. Re4) 43... Kg7 {Threatens to win with ...Nf3+!} 44. Qh2 $2 {[%mdl 8192] [#]} (44. Kg2 $11) 44... Qxf7 $1 $19 {[%mdl 512]} 45. Qh4 (45. Bxf7 $142 Nf3+ {[%mdl 64] Double Attack} 46. Kh1 Nxh2 47. Bd5) 45... Be6 46. f5 Bxd5 47. f6+ Qxf6 {Accuracy: White = 54%, Black = 58%.} 0-1

[Event "66th HUN-ch Women 2018"]
[Site "Budapest"]
[Date "2018.12.11"]
[Round "9"]
[White "Gaal, Zsoka"]
[Black "Egyed, Judit"]
[Result "0-1"]
[WhiteElo "2020"]
[BlackElo "2045"]
[Annotator "NA RC"]
[PlyCount "98"]
[EventDate "2018.12.03"]
[EventType "tourn"]
[EventCountry "HUN"]
[SourceTitle "playchess.com"]
[Source "ChessBase"]
[SourceQuality "1"]
[TimeControl "40/5400+30:1800+30"]

1. Nf3 {[%emt 0:00:08]} g6 {[%emt 0:00:11]} 2. g3 {[%emt 0:00:24]} Bg7 {[%emt 0:00:05]} 3. d4 {[%emt 0:00:34]} c5 {[%emt 0:01:39]} 4. Bg2 {[%emt 0:01:08]} cxd4 {[%emt 0:01:56]} 5. Nxd4 {[%emt 0:00:49]} Nc6 {[%emt 0:00:13]} 6. Nb3 {[%emt 0:00:55]} Nf6 {[%emt 0:02:04]} 7. c4 {[%emt 0:04:00]} O-O {[%emt 0:01:18]} 8. O-O {[%emt 0:00:27] LiveBook: 42 Games} d6 {[%emt 0:03:09]} 9. Nc3 {[%emt 0:06:25]} Be6 {[%emt 0:07:42] E60: King's Indian: Unusual lines and Fianchetto Variation without Nc3} 10. c5 {[%emt 0:08:36]} Qd7 {[%emt 0:13:51]} (10... d5 11. Bg5 Rc8 12. Bxf6 Bxf6 13. Nxd5 Bxb2 14. Rb1 Bg7 15. e4 Bd7 16. Re1 e6 17. Ne3 Qc7 18. Nc4 Rb8 19. e5 b5 20. cxb6 axb6 21. Rc1 Qa7 22. Nd4 Nxd4 23. Qxd4 {½-½ (23) Nikolic,P (2620)-Rodshtein,M (2664) Germany 2013}) 11. cxd6 {[%emt 0:01:29]} exd6 {[%emt 0:00:06]} 12. Bf4 $146 {[%emt 0:04:34]} ({Predecessor:} 12. Nb5 a6 13. N5d4 Bh3 14. Bg5 Bxg2 15. Kxg2 Ne4 16. Bf4 Nxd4 17. Nxd4 {0-1 (25) Jina,T (1904)-Koller,H (2173) Paleochora 2018}) 12... Rfd8 {[%emt 0:06:52]} 13. Qd2 {[%emt 0:13:51]} Bh3 {[%emt 0:03:10]} 14. Rfd1 {[%emt 0:08:23]} Bxg2 {[%emt 0:01:42]} 15. Kxg2 {[%emt 0:00:03]} d5 {[%emt 0:01:39]} 16. Be3 {[%emt 0:17:48]} Qf5 {[%emt 0:14:23]} 17. Nd4 {[%emt 0:09:45]} Nxd4 {[%emt 0:02:18]} 18. Bxd4 {[%emt 0:00:10]} Ne4 {[%emt 0:02:44]} 19. Nxe4 {[%emt 0:06:18]} dxe4 {[%emt 0:05:31]} 20. Qe3 {[%emt 0:02:25]} Bxd4 {[%emt 0:03:12]} 21. Rxd4 {[%emt 0:00:10]} Rxd4 {[%emt 0:00:06]} 22. Qxd4 {[%emt 0:00:20]} Qg4 {[%emt 0:03:18]} 23. Qe3 {[%emt 0:03:27]} Rc8 {[%emt 0:09:27]} 24. Rd1 {[%emt 0:03:04]} a6 {[%emt 0:04:10]} 25. Rd4 {[%emt 0:03:03]} Re8 {[%emt 0:00:17]} 26. Rd2 {[%emt 0:02:12]} Qe6 {[%emt 0:01:15]} 27. Qb3 {[%emt 0:02:11]} Qxb3 {[%emt 0:01:52]} 28. axb3 {[%emt 0:00:01]} Re5 {[%emt 0:06:30]} 29. Rc2 {[%emt 0:00:54]} Rb5 {[%emt 0:00:46]} 30. Rc3 {[%emt 0:00:08]} Kg7 {[%emt 0:00:24]} 31. Kf1 {[%emt 0:00:52]} Kf6 {[%emt 0:00:39]} 32. e3 {[%emt 0:00:19]} h5 {[%emt 0:00:48]} 33. Ke2 {[%emt 0:00:52]} g5 {[%emt 0:01:15]} 34. h3 {[%emt 0:00:25]} Ke5 {[%emt 0:00:57]} 35. Kd2 {[%emt 0:00:36]} Kd6 {[%emt 0:00:26]} ({Black should play} 35... f6 $17) 36. Ke2 {[%emt 0:00:27]} a5 {[%emt 0:00:37]} 37. Kd2 {[%emt 0:00:30]} a4 {[%emt 0:00:21]} 38. Kc2 {[%emt 0:00:34]} Rf5 {[%emt 0:00:35]} 39. bxa4 {[%emt 0:00:28]} Rxf2+ {[%emt 0:00:06]} 40. Kb3 {[%emt 0:00:00]} Rg2 {[%emt 0:00:00]} 41. h4 $2 {[%emt 0:06:26]} (41. Kc4) 41... g4 {[%emt 0:06:25]} 42. Rc4 {[%emt 0:02:57]} Rxg3 {[%emt 0:06:19]} 43. Rxe4 {[%emt 0:00:07]} Rf3 $19 {[%emt 0:00:07]} 44. Re8 {[%emt 0:08:50]} g3 {[%emt 0:05:24]} 45. Kc4 {[%emt 0:02:47]} Rf6 {[%emt 0:00:05]} 46. Rd8+ {[%emt 0:00:40]} Ke5 {[%emt 0:00:10]} 47. Rd1 {[%emt 0:01:10]} Ke4 {[%emt 0:00:24]} 48. Rg1 {[%emt 0:00:55]} Rc6+ {[%emt 0:00:09]} 49. Kb5 {[%emt 0:00:10]} Rg6 {[%emt 0:00:17]} 0-1